ბათუმის შოთა რუსთაველის სახელმწიფო უნივერსიტეტის ბიბლიოთეკა

გიორგი სააკაძის პიროვნება : (ბიბ.ჩანაწერი № 56514)

000 -ლიდერი
ფიქსირებული სიგრძის საკონტროლო ველი 01257nam a2200265Ia 4500
001 - საკონტროლო ნომერი
საკონტროლო ველი 23628
003 - საკონტროლო ნომრის იდენტიფიკატორი
საკონტროლო ველი GE_BSU
005 - ბოლო ოპერაციის თარიღი და დრო
საკონტროლო ველი 20260311112624.0
008 - ფიქსირებული სიგრძის მონაცემთა ელემენტები - ზოგადი ინფორმაცია
ფიქსირებული სიგრძის საკონტროლო ველი 181216s1989||||ge |||||||||||||| ||geo||
040 ## - კატალოგიზაციის წყარო
Transcribing agency GE_BSU
041 ## - ენის კოდი
Language code of text/sound track or separate title geo
080 ## - უნივერსალური ათობითი კლასიფიკაციის ინდექსი
Universal Decimal Classification number 94(479.22)"1570-1629 ღ-58
100 ## - მთავარი ჩანაწერი - პიროვნების სახელი
Personal name ღვინჯილია, ჯანსუღ
9 (RLIN) 16384
245 ## - ცნობა სათაურის შესახებ
Title გიორგი სააკაძის პიროვნება :
Remainder of title ისტორიული ნარკვევი /
Statement of responsibility, etc ჯანსუღ ღვინჯილია ; რედ.: ნ. შატაიძე ; მხატვ. : ა. თოდრია.
264 ## - წარმოების, გამოცემის, დისტრიბუციის და სხვა ცნობები
გამოცემის, წარმოების, დისტრიბუციის... ადგილი თბილისი :
გამოცემის, წარმოების, დისტრიბუციის... სახელწოდება მერანი,
გამოცემის, წარმოების, დისტრიბუციის... თარიღი 1989.
300 ## - ფიზიკური აღწერა
Extent 365 გვ. ;
Dimensions 21 სმ.
653 ## - INDEX TERM--UNCONTROLLED
Uncontrolled term გიორგი სააკაძის პიროვნება
653 ## - INDEX TERM--UNCONTROLLED
Uncontrolled term ისტორიული ნარკვევი
653 ## - INDEX TERM--UNCONTROLLED
Uncontrolled term საქართველოს ისტორია, XVI-XVII ს.ს.
653 ## - INDEX TERM--UNCONTROLLED
Uncontrolled term სააკაძე გიორგი (1570-1629)
700 ## - ADDED ENTRY--PERSONAL NAME
Personal name შატაიძე, ნუგზარ
Relator term რედაქტორი
9 (RLIN) 17844
700 ## - ADDED ENTRY--PERSONAL NAME
Personal name თოდრია, ა.
Relator term მხატვარი
9 (RLIN) 5555
942 ## - ADDED ENTRY ELEMENTS (KOHA)
Koha item type წიგნი
Source of classification or shelving scheme
ეგზემპლარები
ჩამოწერის სტატუსი დაკარგული ეგზემპლარის სტატუსი კლასიფიკაციის წყარო ან თაროზე გაწყობის სქემა დაზიანების სტატუსი არ გაიცემა მუდმივი მდებარეობა (დაცვის ადგილი) ამჟამინდელი ადგილსამყოფელი თაროზე განთავსების ადგილი შეძენის თარიღი ღირებულება, შესყიდვის ნორმალური ფასი სრული შენახვის შიფრი შტრიხკოდი ბოლო ოპერაციის თარიღი ეგზემპლარის მიმდევრობითი ნომერი (კეტერი?) ფასის ძალაში შესვლის თარიღი ეგზემპლარის სახეობა საჯარო შენიშვნა
          ბათუმის შოთა რუსთაველის სახელმწიფო უნივერსიტეტის მთავარი ბიბლიოთეკა ბათუმის შოთა რუსთაველის სახელმწიფო უნივერსიტეტის მთავარი ბიბლიოთეკა წიგნსაცავი 2018-12-17 20.00 94(479.22) -58 28484 2018-12-17 28484 2018-12-17 წიგნი 20.0 ₾.